00543nam a2200157Ia 4500008004000000082001800040100003000058245002100088260004700109300001100156650002100167690003000188906001100218999001700229952013900246210210b1986 xxu||||| |||| 00| 0 eng d a617.1027 OAKS aOAKES (Barry) and others. aSports injuries. aAllahabad.bA H Wheeler & Co Pvt Ltdc1986 avii,87 aSport Injuries  aAthletic & Outdoor Sports a045065 c94335d94335 001040708medical scienceaALbALcmedical scienced2021-02-17g18.00l0o617.1027 OAKSp045065r2021-02-17 00:00:00w2021-02-17yBK